[Event "Classical Bliss V6"]
[Site "Montreal CAN"]
[Date "2025.05.10"]
[Round "5.4"]
[White "Sun, Jonathan"]
[Black "Robillard, Guillaume"]
[Result "1-0"]
[WhiteElo "1858"]
[BlackElo "1587"]
[WhiteFideId "-1"]
[WhiteFideId "-1"]
[PlyCount "65"]
[GameId "2179725669360781"]
[EventDate "2025.04.19"]
[EventType "swiss"]
[EventRounds "6"]
[EventCountry "CAN"]

1. e4 c5 2. Nf3 d6 3. d4 cxd4 4. Nxd4 Nf6 5. Nc3 a6 6. Bg5 e6 7. f4 Be7 8. Qf3 Qc7 9. O-O-O Nbd7 10. g4 h6 11. Bxf6 Bxf6 12. h4 g6 13. g5 Bxd4 14. Rxd4 h5 15. Bh3 e5 16. Bxd7+ Bxd7 17. Nd5 Qc5 18. Nf6+ Ke7 19. Rd5 Bg4 20. Qg3 exf4 21. Qxf4 Qc6 22. Nxg4 hxg4 23. Rhd1 Rxh4 24. Rxd6 Qc8 25. Qf6+ Ke8 26. e5 Rh2 27. c3 g3 28. e6 Rf2 29. exf7+ Kf8 30. Qh8+ Ke7 31. f8=Q+ Rxf8 32. Qe5+ Kf7 33. Rd7+ 1-0

[Event "Classical Bliss V6"]
[Site "Montreal CAN"]
[Date "2025.05.10"]
[Round "5.7"]
[White "Qi, Jason"]
[Black "Bain-Thouverez, Aurelien"]
[Result "1-0"]
[WhiteElo "1698"]
[BlackElo "1786"]
[WhiteFideId "-1"]
[WhiteFideId "-1"]
[PlyCount "65"]
[GameId "2179725669360784"]
[EventDate "2025.04.19"]
[EventType "swiss"]
[EventRounds "6"]
[EventCountry "CAN"]

1. e4 e5 2. Nf3 Nc6 3. Bb5 Nge7 4. d4 exd4 5. Nxd4 a6 6. Bc4 g6 7. Nc3 Bg7 8. Be3 O-O 9. f4 b5 10. Nxc6 Nxc6 11. Bd5 Rb8 12. e5 Ne7 13. Ba7 Nxd5 14. Bxb8 Nxc3 15. bxc3 Bb7 16. Ba7 Qa8 17. Be3 Bxg2 18. Rg1 d6 19. Qd3 Be4 20. Qd2 Bf3 21. exd6 Rd8 22. d7 Qc6 23. Bd4 Rxd7 24. Kf2 Bh5 25. Rg3 Qe4 26. Rd3 Bh6 27. Re1 Qa8 28. Qe3 Rd8 29. Qe5 f6 30. Qe6+ Kf8 31. Qxf6+ Kg8 32. Re7 Rf8 33. Qh8# 1-0

[Event "Classical Bliss V6"]
[Site "Montreal CAN"]
[Date "2025.05.10"]
[Round "5.8"]
[White "Seker Bozkurt, Elif"]
[Black "He, Daniel"]
[Result "0-1"]
[WhiteElo "1000"]
[BlackElo "1196"]
[WhiteFideId "-1"]
[WhiteFideId "-1"]
[PlyCount "28"]
[GameId "2179725669360785"]
[EventDate "2025.04.19"]
[EventType "swiss"]
[EventRounds "6"]
[EventCountry "CAN"]

1. e4 e5 2. Nf3 Nc6 3. Bc4 Nf6 4. d3 h6 5. Nc3 d6 6. O-O Bg4 7. Bd2 Nd4 8. Ne2 Nxf3+ 9. gxf3 Bxf3 10. c3 Qd7 11. Qb3 Qh3 12. Bxf7+ Kd8 13. Nf4 Qg4+ 14. Ng2 Qxg2# 0-1

[Event "Classical Bliss V6"]
[Site "Montreal CAN"]
[Date "2025.05.11"]
[Round "6.2"]
[White "Robillard, Guillaume"]
[Black "Bozkurt, Berk"]
[Result "1/2-1/2"]
[WhiteElo "1587"]
[BlackElo "1291"]
[WhiteFideId "-1"]
[WhiteFideId "-1"]
[PlyCount "61"]
[GameId "2179725669422228"]
[EventDate "2025.04.19"]
[EventType "swiss"]
[EventRounds "6"]
[EventCountry "CAN"]

1. e4 c6 2. d4 d5 3. exd5 cxd5 4. Bd3 Nf6 5. h3 Nc6 6. c3 e5 7. dxe5 Nxe5 8. Bc2 Bc5 9. Nf3 Nxf3+ 10. Qxf3 h6 11. O-O O-O 12. Nd2 Re8 13. Nb3 Bf8 14. Be3 Ne4 15. Rad1 Nf6 16. Bd4 Nh7 17. Qd3 g6 18. Qd2 Be6 19. Be3 h5 20. Nd4 Qf6 21. f4 Bh6 22. Nf3 Rad8 23. Ng5 Bf5 24. Bd4 Qe7 25. Nxh7 Kxh7 26. Bxf5 gxf5 27. Qf2 b6 28. Rde1 Qd6 29. Qh4 Qg6 30. Bf6 Kg8 31. g3 1/2-1/2

[Event "Classical Bliss V6"]
[Site "Montreal CAN"]
[Date "2025.05.11"]
[Round "6.3"]
[White "Dadouche, Bachir"]
[Black "Pepin, Pierre-Luc"]
[Result "0-1"]
[WhiteElo "905"]
[BlackElo "1063"]
[WhiteFideId "-1"]
[WhiteFideId "-1"]
[PlyCount "76"]
[GameId "2179725669426325"]
[EventDate "2025.04.19"]
[EventType "swiss"]
[EventRounds "6"]
[EventCountry "CAN"]

1. e4 e6 2. d4 d5 3. e5 c5 4. c3 Nc6 5. Nf3 Qb6 6. Be2 Bd7 7. O-O g6 8. b3 Bg7 9. Re1 Nge7 10. Be3 Nf5 11. dxc5 Qc7 12. Bd4 Nxe5 13. Nxe5 Bxe5 14. Bxe5 Qxe5 15. Bb5 Qc7 16. Bxd7+ Qxd7 17. c4 O-O-O 18. cxd5 Qxd5 19. Qxd5 Rxd5 20. b4 Rd3 21. Rc1 Nd4 22. Kf1 Nb5 23. a4 Nd4 24. Na3 Rd8 25. Rd1 Nb3 26. Rxd3 Rxd3 27. Re1 Nd2+ 28. Ke2 Rxa3 29. Kxd2 Rxa4 30. Re4 a5 31. Kc3 axb4+ 32. Rxb4 Rxb4 33. Kxb4 Kc7 34. Kc4 Kc6 35. f4 f6 36. g3 h5 37. h4 e5 38. fxe5 fxe5 0-1

[Event "Classical Bliss V6"]
[Site "Montreal CAN"]
[Date "2025.05.11"]
[Round "6.5"]
[White "Turcotte, Jonathan"]
[Black "Beaupre, Eugene jr"]
[Result "1/2-1/2"]
[WhiteElo "2028"]
[BlackElo "1976"]
[WhiteFideId "-1"]
[WhiteFideId "-1"]
[PlyCount "114"]
[GameId "2179725669430423"]
[EventDate "2025.04.19"]
[EventType "swiss"]
[EventRounds "6"]
[EventCountry "CAN"]

1. d4 d5 2. c4 e6 3. Nc3 Nf6 4. cxd5 exd5 5. Bg5 c6 6. Qc2 h6 7. Bh4 Be7 8. e3 O-O 9. Bd3 Re8 10. Nf3 Ne4 11. Bxe7 Qxe7 12. O-O Bf5 13. Rab1 Nd7 14. b4 Nxc3 15. Qxc3 Bxd3 16. Qxd3 a6 17. a4 Nb6 18. b5 Nxa4 19. bxc6 b5 20. Ne5 Nb6 21. Rfe1 Ra7 22. f3 f6 23. Ng6 Qd6 24. Rbc1 Nc4 25. e4 dxe4 26. Rxe4 Rd8 27. d5 f5 28. Rexc4 bxc4 29. Qxf5 Qxd5 30. Qxd5+ Rxd5 31. Rxc4 Rd1+ 32. Kf2 Rc7 33. Ke2 Rd6 34. Ne5 g5 35. g3 Kg7 36. f4 gxf4 37. gxf4 Kf6 38. Ke3 Ke6 39. Ke4 Rd1 40. Ra4 Rh1 41. f5+ Kf6 42. Nd7+ Ke7 43. Rxa6 Rxh2 44. Ne5 Kd6 45. Nf3 Re7+ 46. Kf4 Rh1 47. f6 Rc7 48. Kf5 Rf1 49. Ra3 Rf2 50. Kg6 Rg2+ 51. Kf5 Rf2 52. Kg6 Rg2+ 53. Kxh6 Rf7 54. Rd3+ Kc7 55. Rd7+ Rxd7 56. cxd7 Kxd7 57. Ne5+ Ke6 1/2-1/2

[Event "Club élite Barbacane printemps 2025"]
[Site "Blainville CAN"]
[Date "2025.05.03"]
[Round "1"]
[White "Duchesneau-Jutras, Felix"]
[Black "Belanger, Henri"]
[Result "0-1"]
[WhiteElo "1494"]
[BlackElo "1804"]
[WhiteFideId "-1"]
[WhiteFideId "-1"]
[PlyCount "52"]
[GameId "2192036570516413"]
[EventDate "2025.05.03"]
[EventType "swiss"]
[EventRounds "5"]
[EventCountry "CAN"]

1. e4 c6 2. d4 d5 3. e5 c5 4. c3 Nc6 5. g3 cxd4 6. cxd4 Bf5 7. a3 e6 8. Nc3 Qb6 9. Bb5 Nge7 10. h4 h6 11. Qb3 Rb8 12. Bxc6+ Qxc6 13. Qa4 a6 14. Nge2 b5 15. Qb3 Bg4 16. Nf4 Nf5 17. Be3 Be7 18. a4 O-O 19. axb5 axb5 20. O-O g5 21. hxg5 hxg5 22. Nd3 Bf3 23. Nb4 Bxb4 24. Qxb4 Kg7 25. Bxg5 Rh8 26. Bf6+ Kg6 0-1

[Event "Club élite Barbacane printemps 2025"]
[Site "Blainville CAN"]
[Date "2025.05.03"]
[Round "1"]
[White "Gamache, Lucien"]
[Black "Langlois, Hugo"]
[Result "1-0"]
[WhiteElo "1657"]
[BlackElo "1436"]
[WhiteFideId "-1"]
[WhiteFideId "-1"]
[PlyCount "57"]
[GameId "2192036570594238"]
[EventDate "2025.05.03"]
[EventType "swiss"]
[EventRounds "5"]
[EventCountry "CAN"]

1. d4 d5 2. c4 e6 3. Nc3 Nf6 4. cxd5 exd5 5. Bg5 Be7 6. Qc2 Nc6 7. e3 Nb4 8. Qd2 Bf5 9. Rc1 c6 10. a3 Nc2+ 11. Rxc2 Bxc2 12. Qxc2 O-O 13. Bd3 Kh8 14. Nf3 Qd6 15. O-O Ng4 16. Bf4 Qd8 17. h3 Nf6 18. Be5 h6 19. Nh2 Bd6 20. f4 Nh5 21. Bxd6 Qxd6 22. Ng4 Ng3 23. Rf3 f5 24. Ne5 Ne4 25. Bxe4 dxe4 26. Rg3 Rf6 27. Qb3 Kh7 28. Qxb7 Rb8 29. Qxg7# 1-0

[Event "Club élite Barbacane printemps 2025"]
[Site "Blainville CAN"]
[Date "2025.05.03"]
[Round "1"]
[White "He, Yixuan"]
[Black "Sychev, Danila"]
[Result "0-1"]
[WhiteElo "1428"]
[BlackElo "1601"]
[WhiteFideId "-1"]
[WhiteFideId "-1"]
[PlyCount "50"]
[GameId "2192036570602431"]
[EventDate "2025.05.03"]
[EventType "swiss"]
[EventRounds "5"]
[EventCountry "CAN"]

1. d4 Nf6 2. c4 e6 3. g3 d5 4. Bg2 Bb4+ 5. Nd2 dxc4 6. Qa4+ Bd7 7. Qxb4 Nc6 8. Qxb7 Rb8 9. Qa6 Nxd4 10. Qxc4 Bb5 11. Qc5 Qd6 12. Qc3 c5 13. e3 Nd5 14. Bxd5 Qxd5 15. f3 Nc6 16. Qxg7 Nb4 17. Qxh8+ Ke7 18. Qxb8 Nd3+ 19. Kf1 Nxc1+ 20. Kg2 Qxd2+ 21. Kh3 Bf1+ 22. Kh4 Qxe3 23. Qxa7+ Kf6 24. Nh3 Qh6+ 25. Kg4 Bxh3# 0-1

[Event "Club élite Barbacane printemps 2025"]
[Site "Blainville CAN"]
[Date "2025.05.03"]
[Round "1"]
[White "Hu, Matthew"]
[Black "Cazacu, Maximilian"]
[Result "1-0"]
[WhiteElo "1318"]
[BlackElo "1546"]
[WhiteFideId "-1"]
[WhiteFideId "-1"]
[PlyCount "83"]
[GameId "2192036570639297"]
[EventDate "2025.05.03"]
[EventType "swiss"]
[EventRounds "5"]
[EventCountry "CAN"]

1. e4 e5 2. Nf3 Nc6 3. Bc4 Bc5 4. c3 Nf6 5. d4 exd4 6. cxd4 Bb4+ 7. Nc3 Nxe4 8. Qe2 Qe7 9. Bd2 Nxc3 10. Qxe7+ Nxe7 11. bxc3 d5 12. Bxd5 Bxc3 13. Bxf7+ Kxf7 14. Bxc3 Re8 15. O-O Bg4 16. Ne5+ Kg8 17. Nxg4 Nd5 18. Bd2 Re2 19. Rad1 Re4 20. Ne3 Rxd4 21. Nxd5 Rxd5 22. Bf4 Rad8 23. Rxd5 Rxd5 24. Bxc7 Rd2 25. a4 Ra2 26. a5 Rb2 27. Ra1 b6 28. axb6 axb6 29. h4 b5 30. Ra8+ Kf7 31. Rb8 b4 32. Kf1 b3 33. Be5 Rb1+ 34. Ke2 b2 35. Rxb2 Rxb2+ 36. Bxb2 Kg6 37. g3 h5 38. f3 Kh6 39. Kf2 g6 40. Bc1+ Kh7 41. g4 Kg7 42. Kg3 1-0

[Event "Club élite Barbacane printemps 2025"]
[Site "Blainville CAN"]
[Date "2025.05.03"]
[Round "1"]
[White "Lupien, Maxime"]
[Black "Marcotte, Antoine"]
[Result "1-0"]
[WhiteElo "1568"]
[BlackElo "1411"]
[WhiteFideId "-1"]
[WhiteFideId "-1"]
[PlyCount "113"]
[GameId "2192036570618816"]
[EventDate "2025.05.03"]
[EventType "swiss"]
[EventRounds "5"]
[EventCountry "CAN"]

1. e4 c5 2. d4 cxd4 3. Nf3 Nf6 4. e5 Nd5 5. Qxd4 Nb6 6. Nc3 Nc6 7. Qd1 e6 8. Ne4 Na4 9. Bg5 Be7 10. Nd6+ Kf8 11. Bxe7+ Kxe7 12. b3 Nc3 13. Nxc8+ Rxc8 14. Qd6+ Ke8 15. Bd3 Qa5 16. O-O Nxa2 17. c3 Qxc3 18. Rxa2 Qxb3 19. Rd2 Qd5 20. Bb5 Qxd6 21. Rxd6 a6 22. Ba4 b5 23. Bb3 Ke7 24. Rfd1 Rc7 25. h3 Rhc8 26. Nd4 Nxe5 27. Rxa6 Nc4 28. Nxb5 Rb7 29. Bxc4 Rxc4 30. Nd6 Rcb4 31. Nxb7 Rxb7 32. Kh2 d5 33. Rda1 Rb2 34. Kg3 d4 35. Rd1 Rb4 36. Kf4 f6 37. Ke4 e5 38. f4 exf4 39. Rxd4 Rb2 40. Rc4 Rxg2 41. Rc7+ Kd8 42. Rb7 Kc8 43. Rf7 Kb8 44. Re6 Re2+ 45. Kf5 Rxe6 46. Kxe6 f3 47. Rd7 f2 48. Rd1 Kc7 49. Rf1 h5 50. Rxf2 Kd8 51. Rc2 g5 52. Kxf6 g4 53. hxg4 hxg4 54. Rg2 g3 55. Rxg3 Ke8 56. Rd3 Kf8 57. Rd8# 1-0

[Event "Club élite Barbacane printemps 2025"]
[Site "Blainville CAN"]
[Date "2025.05.03"]
[Round "1"]
[White "Zhang, Evan"]
[Black "Zhang, Vincent"]
[Result "0-1"]
[WhiteElo "1256"]
[BlackElo "1262"]
[WhiteFideId "-1"]
[WhiteFideId "-1"]
[PlyCount "56"]
[GameId "2192036570651586"]
[EventDate "2025.05.03"]
[EventType "swiss"]
[EventRounds "5"]
[EventCountry "CAN"]

1. e4 e5 2. Nf3 Nc6 3. Bc4 Nf6 4. Nc3 Bc5 5. O-O h6 6. d3 d6 7. Be3 Bb6 8. d4 Bg4 9. dxe5 dxe5 10. Qxd8+ Rxd8 11. Bxb6 axb6 12. Nh4 Rd2 13. f3 Bd7 14. Rac1 Nd4 15. Rfd1 Rxd1+ 16. Rxd1 Nxc2 17. Bb5 c6 18. Bc4 Ne3 19. Rd2 Nxc4 20. Rd3 Nxb2 21. Rd2 Nc4 22. Rd3 g5 23. Nf5 Bxf5 24. exf5 O-O 25. Ne4 Nxe4 26. fxe4 f6 27. Rh3 Kh7 28. Rh5 Nd6 0-1

[Event "Club élite Barbacane printemps 2025"]
[Site "Blainville CAN"]
[Date "2025.05.10"]
[Round "2"]
[White "Belanger, Henri"]
[Black "Lupien, Maxime"]
[Result "1-0"]
[WhiteElo "1804"]
[BlackElo "1568"]
[WhiteFideId "-1"]
[WhiteFideId "-1"]
[PlyCount "105"]
[GameId "2192036570659779"]
[EventDate "2025.05.03"]
[EventType "swiss"]
[EventRounds "5"]
[EventCountry "CAN"]

1. e4 e5 2. Nf3 Nc6 3. Bc4 Nf6 4. Ng5 Nxe4 5. Nxe4 d5 6. Nbc3 dxc4 7. b3 cxb3 8. axb3 f5 9. Ng3 Bc5 10. O-O O-O 11. Nce2 Rf6 12. Ba3 Bb6 13. Kh1 Rg6 14. f4 Qh4 15. h3 Be6 16. fxe5 Nxe5 17. Rf4 Qh6 18. Qe1 Bd5 19. Kh2 Ng4+ 20. Rxg4 fxg4 21. Nf5 Qg5 22. Ne7+ Kh8 23. Nxg6+ Qxg6 24. Nf4 Qf5 25. Qg3 Bf7 26. c4 Qf6 27. Rf1 gxh3 28. gxh3 Qd4 29. Nd3 Bg6 30. Rf3 Rd8 31. Bb2 Qd7 32. c5 Bxd3 33. Rxd3 Bxc5 34. Rxd7 Rxd7 35. Qc3 Bd4 36. Qxd4 Rxd4 37. Bxd4 b6 38. Be5 c6 39. Kg3 Kg8 40. Bb8 a6 41. Kf4 Kf7 42. Ke5 Ke7 43. Ba7 b5 44. d4 a5 45. Bc5+ Kd7 46. Bb6 a4 47. bxa4 bxa4 48. Bc5 Ke8 49. Ke6 h5 50. h4 Kd8 51. Kf7 g5 52. hxg5 h4 53. g6 1-0

[Event "Club élite Barbacane printemps 2025"]
[Site "Blainville CAN"]
[Date "2025.05.10"]
[Round "2"]
[White "Cazacu, Maximilian"]
[Black "He, Yixuan"]
[Result "1/2-1/2"]
[WhiteElo "1546"]
[BlackElo "1428"]
[WhiteFideId "-1"]
[WhiteFideId "-1"]
[PlyCount "86"]
[GameId "2192036570663877"]
[EventDate "2025.05.03"]
[EventType "swiss"]
[EventRounds "5"]
[EventCountry "CAN"]

1. e4 e6 2. d4 d5 3. exd5 exd5 4. Nc3 Bb4 5. Nf3 Nf6 6. Be2 O-O 7. O-O Bxc3 8. bxc3 Ne4 9. c4 c6 10. cxd5 cxd5 11. Bd3 Bg4 12. Re1 Re8 13. Bf4 a6 14. c4 f5 15. Be5 Nc6 16. Rc1 Nxe5 17. dxe5 Rc8 18. Be2 dxc4 19. Qxd8 Rcxd8 20. Bxc4+ Kh8 21. h3 Bxf3 22. gxf3 Nd2 23. Red1 Nxf3+ 24. Kg2 Nxe5 25. Rxd8 Rxd8 26. Bd5 h6 27. Bxb7 Rd2 28. Bxa6 Rxa2 29. Bc4 Nxc4 30. Rxc4 Kh7 31. Rc6 g5 32. Rf6 f4 33. Kf3 Kg7 34. Rf5 Kg6 35. Rf8 Ra7 36. h4 Ra5 37. hxg5 hxg5 38. Kg4 Ra7 39. Rg8+ Rg7 40. Rxg7+ Kxg7 41. Kxg5 f3 42. Kf4 Kf6 43. Kxf3 Kf5 1/2-1/2

[Event "Club élite Barbacane printemps 2025"]
[Site "Blainville CAN"]
[Date "2025.05.10"]
[Round "2"]
[White "Chen, Tony Zhuo"]
[Black "Sychev, Danila"]
[Result "0-1"]
[WhiteElo "1405"]
[BlackElo "1601"]
[WhiteFideId "-1"]
[WhiteFideId "-1"]
[PlyCount "50"]
[GameId "2192036570676167"]
[EventDate "2025.05.03"]
[EventType "swiss"]
[EventRounds "5"]
[EventCountry "CAN"]

1. e4 c5 2. Nf3 d6 3. d4 cxd4 4. Nxd4 Nf6 5. Nc3 g6 6. Be3 Bg7 7. f3 O-O 8. Bc4 Nc6 9. Qd2 a6 10. g4 Bd7 11. h4 Rc8 12. Bb3 b5 13. h5 Nxd4 14. Bxd4 Qc7 15. hxg6 hxg6 16. g5 Nh7 17. Bxg7 Kxg7 18. Qd4+ e5 19. Qd3 Nxg5 20. O-O-O a5 21. Qe3 f6 22. f4 exf4 23. Qxf4 a4 24. Bd5 b4 25. Ne2 Qxc2# 0-1

[Event "Club élite Barbacane printemps 2025"]
[Site "Blainville CAN"]
[Date "2025.05.10"]
[Round "2"]
[White "Hu, Matthew"]
[Black "Gamache, Lucien"]
[Result "0-1"]
[WhiteElo "1318"]
[BlackElo "1657"]
[WhiteFideId "-1"]
[WhiteFideId "-1"]
[PlyCount "54"]
[GameId "2192036570663876"]
[EventDate "2025.05.03"]
[EventType "swiss"]
[EventRounds "5"]
[EventCountry "CAN"]

1. e4 c6 2. Nf3 d5 3. Nc3 Bg4 4. exd5 cxd5 5. d4 a6 6. h3 Bxf3 7. Qxf3 e6 8. Bd3 Nc6 9. Be3 Bb4 10. a3 Qa5 11. Qg4 Bxc3+ 12. bxc3 Qxc3+ 13. Ke2 g6 14. Rhb1 Nge7 15. Rxb7 Qxa1 16. Qg5 Qxa3 17. Qf6 Rg8 18. Bf4 Ra7 19. Rxa7 Nxa7 20. Qe5 Nac6 21. Qc7 Qa5 22. Qb7 Nxd4+ 23. Ke3 Nef5+ 24. Bxf5 Nxf5+ 25. Kf3 Qc3+ 26. Kg4 h5+ 27. Kg5 f6# 0-1

[Event "Club élite Barbacane printemps 2025"]
[Site "Blainville CAN"]
[Date "2025.05.10"]
[Round "2"]
[White "Marcotte, Antoine"]
[Black "Duchesneau-Jutras, Felix"]
[Result "1-0"]
[WhiteElo "1411"]
[BlackElo "1494"]
[WhiteFideId "-1"]
[WhiteFideId "-1"]
[PlyCount "57"]
[GameId "2192036570676166"]
[EventDate "2025.05.03"]
[EventType "swiss"]
[EventRounds "5"]
[EventCountry "CAN"]

1. e4 c6 2. c4 d5 3. cxd5 cxd5 4. exd5 Qxd5 5. Nc3 Qd8 6. Bc4 Nf6 7. Nf3 Nc6 8. h3 e5 9. O-O h6 10. Re1 Qc7 11. Qe2 Bd6 12. Nb5 Qe7 13. Nxd6+ Qxd6 14. Nxe5 O-O 15. Nxc6 Qxc6 16. Bb5 Qd5 17. Qc4 Be6 18. Qxd5 Bxd5 19. Re7 a6 20. Ba4 b5 21. Bc2 Rfe8 22. Rxe8+ Rxe8 23. f3 Bxa2 24. Kf2 Rc8 25. Bf5 Rc4 26. Rxa2 Rxc1 27. Rxa6 g6 28. Bd3 Kf8 29. Rxf6 1-0

[Event "Club élite Barbacane printemps 2025"]
[Site "Blainville CAN"]
[Date "2025.05.24"]
[Round "3"]
[White "Duchesneau-Jutras, Felix"]
[Black "Cazacu, Maximilian"]
[Result "1-0"]
[WhiteElo "1494"]
[BlackElo "1546"]
[WhiteFideId "-1"]
[WhiteFideId "-1"]
[PlyCount "69"]
[GameId "2192036570696653"]
[EventDate "2025.05.03"]
[EventType "swiss"]
[EventRounds "5"]
[EventCountry "CAN"]

1. e4 e5 2. Nf3 Nc6 3. Bc4 Nf6 4. d3 Bc5 5. c3 d6 6. b4 Bb6 7. a4 a5 8. b5 Ne7 9. O-O Ng6 10. Be3 c6 11. Qb3 d5 12. bxc6 Bxe3 13. fxe3 dxc4 14. cxb7 Rb8 15. bxc8=Q cxb3 16. Qxd8+ Rxd8 17. d4 exd4 18. exd4 Nxe4 19. Re1 f5 20. Nbd2 O-O 21. Nxe4 fxe4 22. Rxe4 Rc8 23. Re3 Nf4 24. Rb1 Nd5 25. Rd3 Nf4 26. Re3 Rxc3 27. Rxc3 Ne2+ 28. Kf2 Nxc3 29. Rxb3 Nxa4 30. Ra3 Nb2 31. Rxa5 Rf4 32. Ke2 Re4+ 33. Kf1 Nd3 34. Ra8+ Kf7 35. Ng5+ 1-0

[Event "Club élite Barbacane printemps 2025"]
[Site "Blainville CAN"]
[Date "2025.05.24"]
[Round "3"]
[White "He, Yixuan"]
[Black "Chen, Tony Zhuo"]
[Result "1-0"]
[WhiteElo "1428"]
[BlackElo "1405"]
[WhiteFideId "-1"]
[WhiteFideId "-1"]
[PlyCount "69"]
[GameId "2192036570692556"]
[EventDate "2025.05.03"]
[EventType "swiss"]
[EventRounds "5"]
[EventCountry "CAN"]

1. d4 d5 2. c4 c6 3. e3 Nf6 4. Nc3 Bf5 5. cxd5 cxd5 6. Bd3 Bxd3 7. Qxd3 Nc6 8. Nf3 e6 9. O-O Bd6 10. Bd2 O-O 11. Rfe1 Nb4 12. Qb1 Ng4 13. a3 Nc6 14. e4 Qb8 15. e5 Be7 16. h3 Nh6 17. Bxh6 gxh6 18. Re3 Re8 19. Ne2 Bf8 20. Nh2 Bg7 21. Rg3 Ne7 22. Ng4 Nf5 23. Rd3 Qc7 24. Ng3 h5 25. Nf6+ Bxf6 26. Nxf5 Bh8 27. Rg3+ Kf8 28. Nd6 Red8 29. Qxh7 Bxe5 30. Rg8+ Ke7 31. dxe5 Rxg8 32. Qxf7+ Kd8 33. Qxg8+ Kd7 34. Qxa8 a6 35. Qe8# 1-0

[Event "Club élite Barbacane printemps 2025"]
[Site "Blainville CAN"]
[Date "2025.05.24"]
[Round "3"]
[White "Lupien, Maxime"]
[Black "Hu, Matthew"]
[Result "1-0"]
[WhiteElo "1568"]
[BlackElo "1318"]
[WhiteFideId "-1"]
[WhiteFideId "-1"]
[PlyCount "97"]
[GameId "2192036570684362"]
[EventDate "2025.05.03"]
[EventType "swiss"]
[EventRounds "5"]
[EventCountry "CAN"]

1. e4 e5 2. Nf3 Nc6 3. d4 d6 4. dxe5 dxe5 5. Qxd8+ Nxd8 6. Nxe5 Nf6 7. Nc3 Bb4 8. Bd3 Ne6 9. Bd2 Nd4 10. O-O-O Ng4 11. Nd5 Bd6 12. Nxg4 Bxg4 13. Rde1 c6 14. e5 O-O-O 15. exd6 cxd5 16. Bc3 Ne6 17. Bb4 Nf4 18. Bb5 Nxg2 19. Re7 Rhf8 20. Rg1 Bh3 21. d7+ Bxd7 22. Bxd7+ Rxd7 23. Rxd7 Kxd7 24. Bxf8 Nf4 25. Rxg7 Ke8 26. Rxh7 Kxf8 27. Rh8+ Kg7 28. Ra8 a6 29. Ra7 Ne2+ 30. Kd2 Ng1 31. Rxb7 Kf6 32. Rb6+ Ke5 33. Rxa6 f5 34. Ke3 f4+ 35. Kd3 Nf3 36. b4 Ne1+ 37. Ke2 Nxc2 38. h4 Nd4+ 39. Kd3 Ne6 40. h5 Kf6 41. h6 Ke5 42. Rxe6+ Kxe6 43. h7 Ke5 44. h8=Q+ Kd6 45. b5 Kc5 46. Qd4+ Kxb5 47. Qxf4 Kc5 48. Qd4+ Kd6 49. Kc3 1-0

[Event "Club élite Barbacane printemps 2025"]
[Site "Blainville CAN"]
[Date "2025.05.24"]
[Round "3"]
[White "Marcotte, Antoine"]
[Black "Zhang, Evan"]
[Result "1-0"]
[WhiteElo "1411"]
[BlackElo "1256"]
[WhiteFideId "-1"]
[WhiteFideId "-1"]
[PlyCount "26"]
[GameId "2192036570688459"]
[EventDate "2025.05.03"]
[EventType "swiss"]
[EventRounds "5"]
[EventCountry "CAN"]

1. e4 e5 2. Nf3 Nc6 3. d4 exd4 4. Bc4 Bc5 5. c3 dxc3 6. Bxf7+ Kxf7 7. Qd5+ Ke8 8. Qxc5 d6 9. Qxc3 Nf6 10. O-O Kf7 11. Qc4+ Be6 12. Ng5+ Ke7 13. Qxe6+ Kf8 1-0

[Event "Club élite Barbacane printemps 2025"]
[Site "Blainville CAN"]
[Date "2025.05.24"]
[Round "3"]
[White "Sychev, Danila"]
[Black "Belanger, Henri"]
[Result "0-1"]
[WhiteElo "1601"]
[BlackElo "1804"]
[WhiteFideId "-1"]
[WhiteFideId "-1"]
[PlyCount "70"]
[GameId "2192036570680264"]
[EventDate "2025.05.03"]
[EventType "swiss"]
[EventRounds "5"]
[EventCountry "CAN"]

1. Nf3 d5 2. g3 Nf6 3. Bg2 c5 4. d3 Nc6 5. O-O e6 6. Nbd2 Bd6 7. e4 O-O 8. Re1 Bc7 9. Nf1 dxe4 10. dxe4 Qxd1 11. Rxd1 Nxe4 12. Nh4 Nf6 13. Bg5 Nd7 14. Bxc6 bxc6 15. Be7 Re8 16. Bd6 Bb6 17. Ne3 Ba6 18. c4 Rad8 19. Nf3 f6 20. a3 Bb7 21. Rd2 Nf8 22. Rad1 Ng6 23. h4 Nh8 24. Ne1 Nf7 25. N3g2 e5 26. b4 Nxd6 27. Rxd6 cxb4 28. axb4 Rxd6 29. Rxd6 Rd8 30. Rxd8+ Bxd8 31. c5 a5 32. Nc2 axb4 33. Nxb4 Ba5 34. Nd3 Ba6 35. Nge1 e4 0-1

[Event "Club élite Barbacane printemps 2025"]
[Site "Blainville CAN"]
[Date "2025.05.24"]
[Round "3"]
[White "Zhang, Vincent"]
[Black "Gamache, Lucien"]
[Result "0-1"]
[WhiteElo "1262"]
[BlackElo "1657"]
[WhiteFideId "-1"]
[WhiteFideId "-1"]
[PlyCount "44"]
[GameId "2192036570684361"]
[EventDate "2025.05.03"]
[EventType "swiss"]
[EventRounds "5"]
[EventCountry "CAN"]

1. d4 d5 2. c4 e6 3. Nc3 Nf6 4. Bf4 c6 5. Nf3 Bd6 6. Bg3 O-O 7. e3 Re8 8. Bh4 Nbd7 9. Bd3 Qa5 10. Qa4 Qxa4 11. Nxa4 dxc4 12. Bc2 b5 13. Bxf6 Nxf6 14. Nc5 Bxc5 15. dxc5 Nd7 16. O-O Nxc5 17. Rfd1 e5 18. Rd6 Bb7 19. Rad1 e4 20. Ng5 f6 21. Nxe4 Nxe4 22. Rd7 Nc5 0-1

[Event "Club élite Barbacane printemps 2025"]
[Site "Blainville CAN"]
[Date "2025.06.07"]
[Round "4"]
[White "Cazacu, Maximilian"]
[Black "Zhang, Evan"]
[Result "1-0"]
[WhiteElo "1546"]
[BlackElo "1256"]
[WhiteFideId "-1"]
[WhiteFideId "-1"]
[PlyCount "41"]
[GameId "2192036570717139"]
[EventDate "2025.05.03"]
[EventType "swiss"]
[EventRounds "5"]
[EventCountry "CAN"]

1. e4 e5 2. d4 Nc6 3. d5 Nce7 4. Nf3 d6 5. Bd3 Nf6 6. Bg5 Ng6 7. Nc3 Bg4 8. Bb5+ Bd7 9. Bxd7+ Qxd7 10. Bxf6 gxf6 11. Ne2 Bg7 12. O-O h5 13. Ng3 h4 14. Nf5 Kf8 15. h3 Nf4 16. N3xh4 Rxh4 17. Nxh4 Nxh3+ 18. gxh3 Qxh3 19. Qh5 Ke7 20. Nf5+ Kd7 21. Qxh3 1-0

[Event "Club élite Barbacane printemps 2025"]
[Site "Blainville CAN"]
[Date "2025.06.07"]
[Round "4"]
[White "Gamache, Lucien"]
[Black "Belanger, Henri"]
[Result "1/2-1/2"]
[WhiteElo "1657"]
[BlackElo "1804"]
[WhiteFideId "-1"]
[WhiteFideId "-1"]
[PlyCount "94"]
[GameId "2192036570700750"]
[EventDate "2025.05.03"]
[EventType "swiss"]
[EventRounds "5"]
[EventCountry "CAN"]

1. e4 c6 2. d4 d5 3. exd5 cxd5 4. Bd3 Nf6 5. Bf4 Nc6 6. c3 h6 7. h3 e6 8. Nf3 Bd6 9. Bxd6 Qxd6 10. O-O O-O 11. Re1 Nd7 12. Qe2 Re8 13. Ne5 Ncxe5 14. dxe5 Qc7 15. Na3 a6 16. Rac1 b5 17. Bb1 Nb6 18. Qd3 g6 19. h4 Kh7 20. h5 Rg8 21. hxg6+ fxg6 22. Re3 Qg7 23. Rg3 Nd7 24. Rxg6 Qxg6 25. Qe3 Qxb1 26. Nxb1 Bb7 27. Re1 Rad8 28. Qh3 Rg6 29. Re3 Rdg8 30. g3 Nc5 31. Nd2 R8g7 32. b3 Bc6 33. Qf1 Rg5 34. b4 Nd7 35. Nf3 Rh5 36. Nd4 Bb7 37. Qg2 Nxe5 38. f4 Nc4 39. Rxe6 Bc8 40. Re8 Rh3 41. Qc2+ Rg6 42. Rxc8 Rhxg3+ 43. Kh2 Ne3 44. Rc7+ Kh8 45. Rc8+ Kh7 46. Rc7+ Kh8 47. Rc8+ Kh7 1/2-1/2